[Event "XVII Aberto "]
[Site "Ourense"]
[Date "2008.07.08"]
[Round "6.3"]
[White "Krivoshey, Sergei"]
[Black "Manolache, Marius"]
[Result "1/2-1/2"]
[WhiteElo "2504"]
[BlackElo "2521"]
[PlyCount "29"]
[EventDate "2008.07.03"]

1. Nf3 Nf6 2. c4 g6 3. Nc3 Bg7 4. e4 d6 5. d4 O-O 6. Be2 Bg4 7. Be3 Nfd7 8. O-O
c5 9. d5 Bxf3 10. Bxf3 Re8 11. Be2 a6 12. Qd2 Nb6 13. Rad1 N8d7 14. f4 Qc7 15.
Kh1 1/2-1/2

[Event "XVII Aberto "]
[Site "Ourense"]
[Date "2008.07.08"]
[Round "6.4"]
[White "Rivas Pastor, Manuel"]
[Black "Starostits, Ilmars"]
[Result "1-0"]
[WhiteElo "2508"]
[BlackElo "2497"]
[PlyCount "79"]
[EventDate "2008.07.03"]

1. Nf3 b6 2. g3 Bb7 3. Bg2 g6 4. d4 Bg7 5. c4 e6 6. Nc3 d6 7. O-O Nd7 8. e4 Ne7
9. Re1 O-O 10. Be3 h6 11. Qc2 Kh7 12. Rad1 Qc8 13. h4 Nf6 14. Bh3 Qe8 15. Nh2
a6 16. b3 b5 17. d5 b4 18. Na4 Bc8 19. Bg2 Bd7 20. dxe6 Bxe6 21. f4 Rd8 22. Bf3
a5 23. g4 Kh8 24. f5 gxf5 25. exf5 Bd7 26. Bd4 Nfg8 27. Nb2 Bxd4+ 28. Rxd4 f6
29. Nd3 h5 30. Nf4 Qf7 31. Nxh5 Rde8 32. Rdd1 Qh7 33. Qg2 a4 34. Re2 a3 35.
Rde1 c6 36. Nf4 Kg7 37. Qg3 Nc8 38. g5 Qxf5 39. gxf6+ Kxf6 40. Nh5+ 1-0

[Event "XVII Aberto "]
[Site "Ourense"]
[Date "2008.07.08"]
[Round "6.5"]
[White "Spassov, Liuben"]
[Black "Rusev, Krasimir"]
[Result "0-1"]
[WhiteElo "2428"]
[BlackElo "2508"]
[PlyCount "68"]
[EventDate "2008.07.03"]

1. d4 d5 2. c4 c6 3. Nf3 Nf6 4. e3 Bf5 5. Nc3 e6 6. Nh4 Be4 7. f3 Bg6 8. Qb3
Qc7 9. Bd2 Be7 10. Nxg6 hxg6 11. O-O-O dxc4 12. Bxc4 b5 13. Bd3 a6 14. Kb1 c5
15. dxc5 Nbd7 16. Ne4 Nxe4 17. Bxe4 Nxc5 18. Qc2 Rc8 19. Bc3 f5 20. Bd3 Kf7 21.
f4 Nxd3 22. Qxd3 Qb7 23. Rd2 Rhd8 24. Bd4 Bf6 25. Rc1 Rxc1+ 26. Kxc1 Bxd4 27.
exd4 Qc7+ 28. Qc3 Qxf4 29. g3 Qd6 30. a3 Rd7 31. Qe3 Qd5 32. h4 a5 33. Kd1 Rc7
34. Ke2 Rc1 0-1

[Event "XVII Aberto "]
[Site "Ourense"]
[Date "2008.07.08"]
[Round "6.7"]
[White "Fernandez Borrego, Pablo"]
[Black "Paunovic, Dragan"]
[Result "0-1"]
[WhiteElo "2229"]
[BlackElo "2539"]
[PlyCount "126"]
[EventDate "2008.07.03"]

1. e4 c5 2. Nc3 e6 3. g3 Nc6 4. Bg2 Nf6 5. d3 Be7 6. Nge2 d6 7. O-O Bd7 8. h3
Rc8 9. Be3 a6 10. a4 e5 11. g4 h5 12. g5 Nh7 13. h4 Nf8 14. f4 Ng6 15. Qe1 Nd4
16. Rc1 Bg4 17. fxe5 dxe5 18. Bxd4 exd4 19. Nd5 Bd6 20. Nef4 Nxf4 21. Nxf4 O-O
22. Nd5 Qe8 23. Qf2 Qe5 24. Qf4 Qxf4 25. Nxf4 Bxf4 26. Rxf4 c4 27. Bf1 c3 28.
b4 f6 29. gxf6 Rxf6 30. Rxf6 gxf6 31. Bg2 Rc7 32. Kf2 Rg7 33. Rb1 Kf8 34. b5
axb5 35. axb5 b6 36. Bf3 Ra7 37. Rb4 Ra2 38. Bxg4 hxg4 39. Rxd4 Rxc2+ 40. Kg3
Rc1 41. Rc4 c2 42. Kg2 Kg7 43. d4 Kg6 44. d5 Kh5 45. d6 Kxh4 46. d7 Rd1 47.
Rxc2 Rxd7 48. Rc6 Rd2+ 49. Kf1 Kg5 50. Rxb6 Rb2 51. Rb8 Rb4 52. b6 Kf4 53. b7
Kf3 54. Ke1 Rxe4+ 55. Kd2 Re7 56. Rf8 Rxb7 57. Rxf6+ Kg2 58. Rg6 g3 59. Ke3
Re7+ 60. Kd4 Kf2 61. Rf6+ Kg1 62. Rf8 g2 63. Rh8 Rf7 0-1

[Event "XVII Aberto "]
[Site "Ourense"]
[Date "2008.07.08"]
[Round "6.8"]
[White "Alcazar Jimenez, Victor"]
[Black "Lopez Rodriguez, Walter"]
[Result "1/2-1/2"]
[WhiteElo "2391"]
[BlackElo "2227"]
[PlyCount "78"]
[EventDate "2008.07.03"]

1. e4 d5 2. exd5 Qxd5 3. Nc3 Qa5 4. d4 c6 5. Bc4 Nf6 6. Nf3 Bf5 7. Bd2 e6 8.
Nd5 Qd8 9. Nxf6+ Qxf6 10. Qe2 Bg4 11. O-O-O Nd7 12. Kb1 O-O-O 13. h4 Bxf3 14.
gxf3 Qf5 15. Bg5 Nf6 16. Bd3 Qd5 17. c4 Qd7 18. d5 exd5 19. cxd5 cxd5 20. Rhg1
Bd6 21. Be3 Kb8 22. Rxg7 h6 23. Bb5 Qe6 24. Qd3 Be5 25. Re1 Nh5 26. Rg4 Qf6 27.
Rb4 Rd6 28. Bc5 Re6 29. Bd7 Nf4 30. Qb5 Qg6+ 31. Ka1 Bxb2+ 32. Kxb2 Nd3+ 33.
Kc3 Nxb4 34. Rxe6 Nxa2+ 35. Kb2 fxe6 36. Bd6+ Ka8 37. Kxa2 Qc2+ 38. Ka3 Qc3+
39. Ka2 Qc2+ 1/2-1/2

[Event "XVII Aberto "]
[Site "Ourense"]
[Date "2008.07.08"]
[Round "6.10"]
[White "Milchev, Nikolay"]
[Black "Eyo Castro-Rial, Alberto"]
[Result "1-0"]
[WhiteElo "2356"]
[BlackElo "2192"]
[PlyCount "51"]
[EventDate "2008.07.03"]

1. Nf3 Nf6 2. c4 g6 3. Nc3 Bg7 4. e4 O-O 5. d4 d6 6. h3 c5 7. d5 e6 8. Bd3 exd5
9. exd5 Re8+ 10. Kf1 Na6 11. Bg5 Rb8 12. Qd2 Nb4 13. Bb1 b5 14. Nxb5 Ba6 15. a4
Qd7 16. Bf4 Ne4 17. Qc1 Qe7 18. Ra3 Qf6 19. Rb3 Bxb5 20. axb5 a6 21. bxa6 Ra8
22. g3 Rxa6 23. Kg2 Ra7 24. Re1 Rae7 25. Rbe3 Qf5 26. Nh4 1-0

[Event "XVII Aberto "]
[Site "Ourense"]
[Date "2008.07.08"]
[Round "6.12"]
[White "Vallejo Diaz, Javier"]
[Black "Vidal Del Rio, Manuel"]
[Result "1-0"]
[WhiteElo "2296"]
[BlackElo "2188"]
[PlyCount "87"]
[EventDate "2008.07.03"]

1. e4 c5 2. Nf3 e6 3. b3 Nc6 4. Bb2 Qc7 5. c4 Nf6 6. Nc3 a6 7. g3 Rb8 8. d4
cxd4 9. Nxd4 Bb4 10. Bg2 Nxe4 11. Bxe4 Qe5 12. O-O Nxd4 13. f4 Qa5 14. Na4 Nf5
15. Bxf5 Qxf5 16. Bxg7 Rg8 17. Be5 b5 18. Bxb8 Bb7 19. Qd4 bxa4 20. Ba7 Qh3 21.
Qf2 h5 22. Rad1 h4 23. Rd3 Bd2 24. f5 e5 25. Qe2 f6 26. Qh5+ Kd8 27. Rff3 Qg4
28. Qf7 Bc6 29. Rxd2 Kc7 30. Rfd3 Rd8 31. Rd6 Qe4 32. Rxc6+ Qxc6 33. Qd5 Qxd5
34. Rxd5 axb3 35. axb3 Rg8 36. Kg2 Rg5 37. Rd2 hxg3 38. hxg3 Rxf5 39. Rf2 Rxf2+
40. Kxf2 d5 41. cxd5 Kd6 42. g4 a5 43. Ke3 Kxd5 44. Bb6 1-0

[Event "XVII Aberto "]
[Site "Ourense"]
[Date "2008.07.08"]
[Round "6.14"]
[White "Vidal Del Rio, Diego"]
[Black "Paredes Sanchez, Juan"]
[Result "1-0"]
[WhiteElo "2146"]
[BlackElo "2231"]
[PlyCount "75"]
[EventDate "2008.07.03"]

1. e4 c5 2. Nf3 d6 3. d4 cxd4 4. Nxd4 Nf6 5. Nc3 a6 6. Be3 e5 7. Nb3 Be6 8. f3
Nbd7 9. g4 Nb6 10. g5 Nh5 11. Qd2 Rc8 12. O-O-O Be7 13. Kb1 Qc7 14. Qf2 Bd8 15.
h4 O-O 16. Bh3 Bxh3 17. Rxh3 Qd7 18. Rh2 Rxc3 19. bxc3 Na4 20. Rd3 Qc6 21. Bd2
f5 22. gxf6 Nxf6 23. Qg3 Rf7 24. Rg2 Bc7 25. Bg5 Bd8 26. Bh6 g6 27. h5 Nxh5 28.
Qxe5 Bf6 29. Qxh5 Nxc3+ 30. Kc1 Nxa2+ 31. Kd1 Nb4 32. Rdd2 Qc4 33. Rg1 Nxc2 34.
Rxc2 Qxb3 35. Qd5 Qxf3+ 36. Kc1 Qa3+ 37. Kd2 Qb4+ 38. Ke2 1-0

[Event "XVII Aberto "]
[Site "Ourense"]
[Date "2008.07.08"]
[Round "6.15"]
[White "Guerra Mendez, Jose Angel"]
[Black "Villalta Bustillo, Igor"]
[Result "1-0"]
[WhiteElo "2456"]
[BlackElo "2146"]
[PlyCount "111"]
[EventDate "2008.07.03"]

1. e4 e5 2. f4 Qh4+ 3. g3 Qe7 4. Nc3 exf4 5. d4 fxg3 6. Nf3 d5 7. Bg5 f6 8. Bf4
c6 9. Qe2 Be6 10. O-O-O dxe4 11. Nxe4 Bd5 12. Nd6+ Kd8 13. c4 Qxe2 14. Bxe2
Bxd6 15. Bxd6 Bxf3 16. Bxf3 Ne7 17. Bxg3 Nd7 18. Rhe1 Re8 19. Kc2 Nb6 20. Kc3
Nf5 21. Rxe8+ Kxe8 22. Bf2 Ne7 23. Re1 Kf7 24. b4 Rd8 25. Ra1 g5 26. a4 Nbc8
27. b5 f5 28. bxc6 bxc6 29. h3 Kf6 30. Bg3 Rd7 31. Rb1 f4 32. Bf2 Nd6 33. a5
Rc7 34. a6 Nec8 35. Kd3 Kg6 36. Re1 Kf6 37. Re5 Ne7 38. Bg4 Ndf5 39. Rc5 Rc8
40. Bxf5 Nxf5 41. d5 Nd6 42. dxc6 Rc7 43. Bd4+ Ke6 44. Re5+ Kf7 45. Rxg5 Rxc6
46. Rg7+ Ke6 47. c5 Nb5 48. Rxh7 Kf5 49. Rf7+ Kg5 50. Be5 Rxc5 51. Bxf4+ Kg6
52. Rb7 Kf5 53. Be3 Rc3+ 54. Kd2 Rb3 55. Bxa7 Rb2+ 56. Kd3 1-0

[Event "XVII Aberto "]
[Site "Ourense"]
[Date "2008.07.08"]
[Round "6.16"]
[White "Almagro Llamas, Pablo"]
[Black "Mejuto De Ulloa, Jorge"]
[Result "1-0"]
[WhiteElo "2492"]
[BlackElo "2067"]
[PlyCount "81"]
[EventDate "2008.07.03"]

1. e4 e6 2. d4 d5 3. Nc3 Nf6 4. Bg5 Bb4 5. e5 h6 6. Be3 Ne4 7. Qg4 Kf8 8. a3
Bxc3+ 9. bxc3 c5 10. Bd3 Nxc3 11. dxc5 Nc6 12. Nf3 f5 13. Qh3 d4 14. Bd2 Qd5
15. Bxc3 dxc3 16. O-O Nxe5 17. Nxe5 Qxe5 18. Rad1 Kf7 19. Bc4 Rf8 20. Rfe1 Qxc5
21. Qxc3 Qc6 22. Re3 f4 23. Re5 Kg8 24. Rc5 Qe8 25. Rc7 Qg6 26. Bd3 Qf6 27.
Qxf6 Rxf6 28. Be4 Rf8 29. Rd6 Rb8 30. h4 a6 31. c4 b5 32. c5 b4 33. axb4 Rxb4
34. f3 a5 35. Ra7 a4 36. Kh2 Rc4 37. Rc6 Rd4 38. Rcc7 Rfd8 39. Rxg7+ Kf8 40.
Raf7+ Ke8 41. Bg6 1-0

[Event "XVII Aberto "]
[Site "Ourense"]
[Date "2008.07.08"]
[Round "6.17"]
[White "Hoffman, Alejandro"]
[Black "Perez Candelario, Matias"]
[Result "1-0"]
[WhiteElo "2445"]
[BlackElo "2064"]
[PlyCount "53"]
[EventDate "2008.07.03"]

1. c4 e5 2. g3 g6 3. Bg2 Bg7 4. Nc3 Ne7 5. Rb1 c6 6. e4 d6 7. Nge2 Be6 8. d3 f5
9. O-O O-O 10. Qc2 Qd7 11. b3 d5 12. exd5 cxd5 13. Ba3 Rc8 14. Bxe7 Qxe7 15.
Nxd5 Qd7 16. Qd2 Nc6 17. f4 Re8 18. fxe5 Nxe5 19. d4 Ng4 20. h3 Nf6 21. Nxf6+
Bxf6 22. Rbd1 Rac8 23. g4 Bg7 24. d5 Rcd8 25. Qc2 Bf7 26. gxf5 gxf5 27. Nd4 1-0

[Event "XVII Aberto "]
[Site "Ourense"]
[Date "2008.07.08"]
[Round "6.18"]
[White "Rivera Kuzawka, Daniel"]
[Black "De Francisco De Diego, Felipe"]
[Result "1-0"]
[WhiteElo "2322"]
[BlackElo "2019"]
[PlyCount "99"]
[EventDate "2008.07.03"]

1. e4 e5 2. Nf3 Nc6 3. Bb5 a6 4. Ba4 d6 5. Bxc6+ bxc6 6. d4 exd4 7. Qxd4 Nf6 8.
Nc3 h6 9. O-O Be6 10. Qa4 Qd7 11. Nd4 c5 12. Nxe6 fxe6 13. Qc4 d5 14. exd5 exd5
15. Qd3 Kf7 16. Bf4 c4 17. Qf3 c6 18. b3 cxb3 19. axb3 Bd6 20. Na4 Rab8 21. Nb2
Rb6 22. Rfd1 Bxf4 23. Qxf4 Qb7 24. Nd3 Rf8 25. Re1 Kg8 26. Nc5 Qf7 27. Nxa6 Qg6
28. Qd4 Rb7 29. Nc5 Rbf7 30. Qd3 Qh5 31. f3 Qh4 32. Ne6 Re8 33. Qd4 Ne4 34. g3
Qf6 35. Qxf6 Rxf6 36. Nd4 c5 37. fxe4 cxd4 38. exd5 Rd8 39. Re5 Rfd6 40. Rd1
Rxd5 41. Rxd5 Rxd5 42. c4 Rd7 43. Kf2 Kf7 44. Kf3 Kf6 45. Ke4 Re7+ 46. Kd5 Re2
47. Rxd4 Rxh2 48. c5 Re2 49. Rf4+ Kg5 50. c6 1-0

[Event "XVII Aberto "]
[Site "Ourense"]
[Date "2008.07.08"]
[Round "6.19"]
[White "Chemeris, Román"]
[Black "Viterbo Ferreira, Jorge Joao"]
[Result "1/2-1/2"]
[WhiteElo "2303"]
[BlackElo "2002"]
[PlyCount "55"]
[EventDate "2008.07.03"]

1. e4 e5 2. Nf3 Nc6 3. Bc4 Nf6 4. Ng5 d5 5. exd5 Na5 6. Bb5+ c6 7. dxc6 bxc6 8.
Be2 h6 9. Nf3 e4 10. Ne5 Bc5 11. c3 Nb7 12. d4 exd3 13. Nxd3 Bd6 14. Bf4 O-O
15. O-O Bf5 16. Bxd6 Qxd6 17. Nb4 c5 18. Qxd6 Nxd6 19. Nc6 Be4 20. Na5 Rfe8 21.
Ba6 Rab8 22. b3 Rb6 23. Bc4 Nxc4 24. Nxc4 Rbe6 25. Nba3 Bd3 26. Rfc1 Nd5 27. h3
Nf4 28. Rd1 1/2-1/2

[Event "XVII Aberto "]
[Site "Ourense"]
[Date "2008.07.08"]
[Round "6.20"]
[White "De Sousa Da Silva, Armando"]
[Black "Astasio Lopez, David"]
[Result "0-1"]
[WhiteElo "2031"]
[BlackElo "2258"]
[PlyCount "154"]
[EventDate "2008.07.03"]

1. d4 d5 2. c4 e6 3. Nf3 Nf6 4. Bg5 Nbd7 5. cxd5 exd5 6. Nc3 c6 7. a3 Be7 8.
Qc2 O-O 9. e3 Ne4 10. Bf4 f5 11. Bd3 Bf6 12. h3 Qe7 13. O-O Re8 14. b4 a6 15.
Rab1 g5 16. Bh2 g4 17. hxg4 fxg4 18. Bxe4 dxe4 19. Nd2 Nb6 20. Ncxe4 Bg7 21.
Nd6 Rf8 22. Nxc8 Raxc8 23. Qc5 Qd8 24. Qh5 Qd7 25. Ne4 Rce8 26. Nc5 Qc8 27. Nd3
Nd5 28. Be5 Re7 29. Bd6 Rf5 30. Qxg4 Nxe3 31. Qh3 Nxf1 32. Bxe7 Nd2 33. Rd1 Nc4
34. Ne5 Nb6 35. Bc5 Nd5 36. Nc4 Nf4 37. Qg4 Qe6 38. Ne3 Rf6 39. Qxe6+ Rxe6 40.
d5 Nxd5 41. Nxd5 cxd5 42. Rxd5 b5 43. Bd4 Re1+ 44. Kh2 Rd1 45. Rd8+ Bf8 46. Kg3
Kf7 47. Kg4 Be7 48. Rd5 Bf6 49. Kf5 Rxd4 50. Rc5 Be7 51. Rc6 Rd6 52. Rc2 Rd3
53. Ra2 Bf6 54. Ke4 Rb3 55. Kd5 Bb2 56. Kc6 Bxa3 57. Kb6 Bxb4 58. Rxa6 Be7 59.
Kc6 b4 60. Kd5 Rb2 61. Rh6 Kg7 62. Rh3 Rxf2 63. Rg3+ Kf7 64. Kc4 Rf4+ 65. Kb3
h5 66. Rh3 h4 67. Rh1 Bf6 68. Rh3 Rg4 69. Ka4 Bc3 70. Kb3 Kg6 71. Rh1 Kg5 72.
Rg1 h3 73. g3 Kf5 74. Rf1+ Ke4 75. Rf7 Rxg3 76. Rh7 Kf3 77. Kc4 Kg2 0-1

[Event "XVII Aberto "]
[Site "Ourense"]
[Date "2008.07.08"]
[Round "6.24"]
[White "Pazos Porta, Antonio"]
[Black "Gomez Dominguez, Xavier"]
[Result "1-0"]
[WhiteElo "2189"]
[BlackElo "1977"]
[PlyCount "59"]
[EventDate "2008.07.03"]

1. e4 c5 2. Nf3 Nc6 3. d4 cxd4 4. Nxd4 g6 5. Nc3 Bg7 6. Nb3 Bxc3+ 7. bxc3 Nf6
8. Bd3 d5 9. exd5 Qxd5 10. O-O O-O 11. Qe2 Bf5 12. Bb2 Qe6 13. Qxe6 Bxe6 14.
Nc5 Nd8 15. Rfe1 Rc8 16. Ba3 Nd5 17. Nxe6 Nxe6 18. c4 Nb6 19. Bxe7 Rfe8 20. Bf6
Nxc4 21. Rab1 b6 22. h4 h5 23. Rb4 Nd6 24. g4 hxg4 25. Rxg4 Nc5 26. Re5 Nxd3
27. Rh5 Re1+ 28. Kh2 Rh1+ 29. Kxh1 Nxf2+ 30. Kg2 1-0

[Event "XVII Aberto "]
[Site "Ourense"]
[Date "2008.07.08"]
[Round "6.25"]
[White "De Nacimiento Montaño, Angel"]
[Black "Gomez Dominguez, Breixo"]
[Result "1-0"]
[WhiteElo "2099"]
[BlackElo "1856"]
[PlyCount "69"]
[EventDate "2008.07.03"]

1. e4 e6 2. d4 d5 3. exd5 exd5 4. c4 c6 5. Nf3 Nf6 6. Be2 Bd6 7. Nc3 Bf5 8. O-O
h6 9. cxd5 Nxd5 10. Nxd5 cxd5 11. Qb3 Be4 12. Qxb7 Nd7 13. Bb5 Rb8 14. Qxd7+
Qxd7 15. Bxd7+ Kxd7 16. Nd2 Bd3 17. Re1 Rhe8 18. Nf3 Be2 19. Ne5+ Bxe5 20. dxe5
Bh5 21. b3 f5 22. Bb2 Ke6 23. Bd4 a6 24. Bc5 Rec8 25. b4 Rb7 26. Rab1 a5 27. a3
axb4 28. axb4 Be8 29. Ra1 Bb5 30. Ra3 Bc4 31. f4 Rcc7 32. Ra8 d4 33. Re8+ Kf7
34. Rd8 d3 35. e6+ 1-0

[Event "XVII Aberto "]
[Site "Ourense"]
[Date "2008.07.08"]
[Round "6.26"]
[White "Rodriguez Alvarez, Sergio"]
[Black "Galan Martin, Pedro Juan"]
[Result "0-1"]
[WhiteElo "1746"]
[BlackElo "2114"]
[PlyCount "58"]
[EventDate "2008.07.03"]

1. e4 e5 2. Nf3 Nc6 3. Bc4 Bc5 4. d3 Nf6 5. Nc3 d6 6. O-O Bg4 7. Be3 a6 8. Nb1
O-O 9. c3 Ba7 10. Nbd2 d5 11. exd5 Nxd5 12. Bxa7 Rxa7 13. h3 Bf5 14. Ne4 Nf4
15. a4 Qc8 16. Ne1 Ne7 17. Qf3 Neg6 18. d4 exd4 19. cxd4 Bxe4 20. Qxe4 Re8 21.
Qf3 Qd7 22. Nc2 Raa8 23. b4 Qf5 24. Ne3 Qe4 25. Qxe4 Rxe4 26. Rfd1 Rd8 27. d5
Ne5 28. Rac1 Nxc4 29. Nxc4 Ne2+ 0-1

[Event "XVII Aberto "]
[Site "Ourense"]
[Date "2008.07.08"]
[Round "6.27"]
[White "De Nacimiento Montaño, Antonio"]
[Black "Fernandez Andrade, Antonio"]
[Result "1-0"]
[WhiteElo "2045"]
[BlackElo "1861"]
[PlyCount "93"]
[EventDate "2008.07.03"]

1. c4 Nf6 2. Nc3 d6 3. g3 g6 4. Bg2 Bg7 5. e4 e5 6. Nge2 Be6 7. d3 Qc8 8. Nd5
c6 9. Nxf6+ Bxf6 10. O-O Nd7 11. Qc2 Bg7 12. b3 Nf6 13. Ba3 Qd7 14. Rad1 Bh3
15. d4 Bxg2 16. Kxg2 exd4 17. Rxd4 Qe6 18. Bxd6 O-O-O 19. Nf4 Qe8 20. Re1 Nh5
21. Rdd1 Nxf4+ 22. Bxf4 Qe6 23. Rxd8+ Rxd8 24. c5 Be5 25. Bxe5 Qxe5 26. Qc4 Qf6
27. Re3 Rd7 28. b4 Qe5 29. a4 g5 30. b5 Qd4 31. Qxd4 Rxd4 32. bxc6 bxc6 33. Rf3
Rxe4 34. Rxf7 Rxa4 35. Rxh7 a5 36. h4 gxh4 37. gxh4 Rc4 38. h5 Rxc5 39. h6 Rh5
40. Kf3 Kb8 41. Ke3 a4 42. Kd3 a3 43. Kc2 Rh2 44. Kb3 a2 45. Kxa2 Rxf2+ 46. Kb3
Rf4 47. Rg7 1-0

[Event "XVII Aberto "]
[Site "Ourense"]
[Date "2008.07.08"]
[Round "6.28"]
[White "Portela Gonzalez, Adrian"]
[Black "Perez Pascual, Arturo"]
[Result "0-1"]
[WhiteElo "1858"]
[BlackElo "2016"]
[PlyCount "52"]
[EventDate "2008.07.03"]

1. e4 e5 2. Nf3 Nf6 3. Nxe5 d6 4. Nf3 Nxe4 5. Nc3 Nxc3 6. dxc3 Be7 7. Bd3 Nc6
8. Be3 O-O 9. Qe2 Re8 10. O-O-O Bf6 11. Qd2 Ne5 12. Nxe5 dxe5 13. Qe2 Qe7 14.
g4 e4 15. Bc4 Be6 16. Bxe6 Qxe6 17. Kb1 Rad8 18. Rdg1 Rd5 19. Qc4 Rd1+ 20. Rxd1
Qxc4 21. g5 Be5 22. h4 Qb5 23. Ka1 a5 24. h5 a4 25. a3 f5 26. gxf6 Bxf6 0-1

[Event "XVII Aberto "]
[Site "Ourense"]
[Date "2008.07.08"]
[Round "6.29"]
[White "Perez Dorado, Jorge"]
[Black "Cauchy Fernandez, Amando"]
[Result "1/2-1/2"]
[WhiteElo "1985"]
[BlackElo "1790"]
[PlyCount "78"]
[EventDate "2008.07.03"]

1. e4 c5 2. Nf3 Nc6 3. g3 e6 4. Bg2 Nge7 5. O-O Ng6 6. d4 cxd4 7. Nxd4 Bc5 8.
Nxc6 bxc6 9. Nc3 Ba6 10. Re1 Qb6 11. Qd2 O-O 12. Na4 Qb4 13. Nxc5 Qxc5 14. b3
d5 15. Bb2 Rfd8 16. Bd4 Qf8 17. Qc3 Rdc8 18. Bc5 Qd8 19. Rad1 Nf8 20. Qe3 Nd7
21. Ba3 Bb7 22. c4 dxc4 23. Qd4 Nb6 24. Qc3 Qe8 25. Bb2 f6 26. bxc4 Rd8 27. Ba3
Rxd1 28. Rxd1 Rd8 29. Rxd8 Qxd8 30. Qb4 Ba6 31. Bf1 Kf7 32. Qb3 Qd4 33. Qb4
Bxc4 34. Qe7+ Kg6 35. Qe8+ Kh6 36. Bc1+ g5 37. Qf8+ Kg6 38. Qg8+ Kh6 39. Qf8+
Kg6 1/2-1/2

[Event "XVII Aberto "]
[Site "Ourense"]
[Date "2008.07.08"]
[Round "6.30"]
[White "Margarido, Ricardo Emanuel Tor"]
[Black "Lopez Garrido, Daniel"]
[Result "1-0"]
[WhiteElo "1864"]
[BlackElo "1953"]
[PlyCount "33"]
[EventDate "2008.07.03"]

1. e4 e5 2. Nf3 Nc6 3. Bb5 Nge7 4. Nc3 g6 5. d4 Bg7 6. dxe5 Nxe5 7. Nxe5 Bxe5
8. Bh6 c6 9. Bc4 Qa5 10. Qf3 f5 11. O-O Bxc3 12. bxc3 d5 13. exd5 cxd5 14. Bb3
Be6 15. Rfe1 Kf7 16. Qe3 Qb6 17. Qe5 1-0

[Event "XVII Aberto "]
[Site "Ourense"]
[Date "2008.07.08"]
[Round "6.31"]
[White "Gutierrez Bustillo, Diego"]
[Black "Gallego Martin, Miguel"]
[Result "1/2-1/2"]
[WhiteElo "1947"]
[BlackElo "1848"]
[PlyCount "60"]
[EventDate "2008.07.03"]

1. e4 c5 2. Nc3 e6 3. g3 d5 4. d3 Nf6 5. Bg2 dxe4 6. Nxe4 Nxe4 7. Bxe4 Nd7 8.
Ne2 Nf6 9. Bg2 Be7 10. O-O O-O 11. Nc3 Nd5 12. Re1 Nxc3 13. bxc3 Bf6 14. Bd2
Qa5 15. c4 Bc3 16. Bxc3 Qxc3 17. Rb1 Rb8 18. Rb3 Qf6 19. Qh5 b6 20. Qe5 Bb7 21.
Qxf6 gxf6 22. f4 Rfe8 23. Bxb7 Rxb7 24. Kf2 Rbe7 25. Rbb1 f5 26. c3 f6 27. Rb2
e5 28. Rbe2 Rd7 29. Rd1 Red8 30. Red2 Kf7 1/2-1/2

[Event "XVII Aberto "]
[Site "Ourense"]
[Date "2008.07.08"]
[Round "6.33"]
[White "Lorenzo Serrano, Henar"]
[Black "Rey Torres, Salvador"]
[Result "0-1"]
[WhiteElo "1745"]
[BlackElo "1906"]
[PlyCount "64"]
[EventDate "2008.07.03"]

1. e4 e5 2. Nf3 Nc6 3. d4 exd4 4. Nxd4 Qh4 5. Nc3 Bb4 6. Ndb5 Qxe4+ 7. Qe2
Qxe2+ 8. Bxe2 Ba5 9. Bf4 d6 10. O-O-O a6 11. Nd4 Nxd4 12. Rxd4 Be6 13. Bf3 Bxc3
14. bxc3 O-O-O 15. Kd2 Ne7 16. Rb1 b6 17. Bg5 Rde8 18. Bf4 Nf5 19. Ra4 a5 20.
g4 Nh4 21. Be2 Ng6 22. Be3 Bd7 23. Ba6+ Kd8 24. Ra3 Bxg4 25. f4 Bc8 26. Bc4 Re7
27. Rf1 Bf5 28. Rb3 Be6 29. Bxe6 fxe6 30. f5 Rf7 31. Bg5+ Ke8 32. Re1 Rxf5 0-1

[Event "XVII Aberto "]
[Site "Ourense"]
[Date "2008.07.08"]
[Round "6.37"]
[White "Blazquez Criado, Federico David"]
[Black "Millan Soto, Miguel"]
[Result "0-1"]
[WhiteElo "1743"]
[BlackElo "1926"]
[PlyCount "60"]
[EventDate "2008.07.03"]

1. d4 Nf6 2. c4 g6 3. Nc3 Bg7 4. e4 d6 5. Bg5 O-O 6. Qd2 Nbd7 7. f3 c5 8. Nge2
a6 9. g4 Rb8 10. h4 h5 11. gxh5 Nxh5 12. Bh3 cxd4 13. Nxd4 Ne5 14. Bf1 Nc6 15.
Nxc6 bxc6 16. Rb1 Qa5 17. Ne2 Qxa2 18. Rd1 Rxb2 19. Qe3 Ng3 20. Rg1 Nxe2 21.
Bxe2 c5 22. Rg2 Qa5+ 23. Kf1 Bh3 24. Bxe7 Bxg2+ 25. Kxg2 Re8 26. Bxd6 Bd4 27.
Qd3 Qa2 28. Kf1 Re6 29. Bf4 Reb6 30. Be3 R6b3 0-1

[Event "XVII Aberto "]
[Site "Ourense"]
[Date "2008.07.08"]
[Round "6.38"]
[White "Rodriguez Lucena, Angel"]
[Black "Otero Nogueira, Brais"]
[Result "0-1"]
[WhiteElo "1616"]
[BlackElo "1917"]
[PlyCount "62"]
[EventDate "2008.07.03"]

1. d4 Nf6 2. c4 g6 3. Nc3 Bg7 4. e4 d6 5. Bd3 O-O 6. Nge2 e5 7. d5 Nbd7 8. b4
a5 9. bxa5 Rxa5 10. f3 Nc5 11. O-O Nh5 12. Be3 b6 13. Bxc5 bxc5 14. Qd2 Ra8 15.
Rab1 f5 16. Rb3 f4 17. Rfb1 Bd7 18. Rb7 g5 19. Nb5 Bxb5 20. R7xb5 Qd7 21. h3
Nf6 22. Nc3 h5 23. Be2 g4 24. hxg4 hxg4 25. Kf2 Kf7 26. Bf1 Rh8 27. Ke1 Rh2 28.
Qf2 gxf3 29. Qxf3 Ng4 30. g3 Rf2 31. Qh1 Rh8 0-1

[Event "XVII Aberto "]
[Site "Ourense"]
[Date "2008.07.08"]
[Round "6.39"]
[White "Cruz Guerra, Samuel"]
[Black "Hermida Araujo, Lino"]
[Result "0-1"]
[WhiteElo "1602"]
[BlackElo "1907"]
[PlyCount "68"]
[EventDate "2008.07.03"]

1. e4 d6 2. d4 Nf6 3. Nc3 g6 4. f3 Bg7 5. Bc4 c6 6. Be3 b5 7. Bb3 a5 8. a3 Ba6
9. h4 h5 10. Nh3 Nbd7 11. Ng5 O-O 12. g4 Nb6 13. gxh5 Nxh5 14. Ne2 Nc4 15. Bc1
c5 16. c3 b4 17. axb4 cxb4 18. Bxc4 Bxc4 19. Nf4 Nxf4 20. Bxf4 bxc3 21. bxc3
Qc7 22. h5 Rab8 23. Kf2 Rb2+ 24. Kg3 f6 25. Ne6 Bxe6 26. hxg6 Qxc3 27. Rh8+
Bxh8 28. Qh1 Rf7 29. Rc1 Rc2 30. Rb1 Rg7 31. Rb8+ Bc8 32. Qh3 Rxg6+ 33. Kh4 Rg7
34. Bh6 Kf7 0-1

[Event "XVII Aberto "]
[Site "Ourense"]
[Date "2008.07.08"]
[Round "6.40"]
[White "Sabuz Forneiro, Martin"]
[Black "Doval Gonzalez, Jose"]
[Result "0-1"]
[WhiteElo "1469"]
[BlackElo "1886"]
[PlyCount "42"]
[EventDate "2008.07.03"]

1. e4 d5 2. exd5 Nf6 3. Nf3 Nxd5 4. Bc4 Nb6 5. Bb3 c5 6. c3 Nc6 7. d3 Bf5 8.
Bc2 Qd7 9. Be3 e5 10. O-O Rd8 11. Ba4 Nxa4 12. Qxa4 b5 13. Qh4 Bxd3 14. Rd1 Be7
15. Qg3 O-O 16. Nxe5 Nxe5 17. Qxe5 Bd6 18. Qh5 Bg6 19. Qe2 Bxh2+ 20. Kxh2 Qxd1
21. Qxb5 Bxb1 0-1

[Event "XVII Aberto "]
[Site "Ourense"]
[Date "2008.07.08"]
[Round "6.41"]
[White "Perez Vazquez, Victor Manuel"]
[Black "Ferreiro Mera, Aaron"]
[Result "0-1"]
[WhiteElo "1881"]
[BlackElo "1723"]
[PlyCount "61"]
[EventDate "2008.07.03"]

1. d4 d5 2. Nf3 c5 3. c3 Nc6 4. Bf4 Bf5 5. e3 Nf6 6. Nbd2 e6 7. Bb5 Qb6 8. Qa4
a6 9. Bxc6+ Qxc6 10. Qxc6+ bxc6 11. Ne5 Rc8 12. Nb3 cxd4 13. Nxd4 Nd7 14. Ndxc6
f6 15. Nxd7 Kxd7 16. Nb8+ Kd8 17. Nxa6 e5 18. Bg3 Bd3 19. Nb4 Bxb4 20. cxb4 Rc2
21. a4 Rxb2 22. b5 Kd7 23. f4 e4 24. Rc1 Rc8 25. Rxc8 Kxc8 26. b6 Rb1+ 27. Kd2
Rxh1 28. Kc3 Rb1 29. a5 Rb5 30. a6 Rxb6 31. a7 0-1

[Event "XVII Aberto "]
[Site "Ourense"]
[Date "2008.07.08"]
[Round "6.42"]
[White "Conde Carvajal, Juan Delfin"]
[Black "Blazquez Criado, Sergio"]
[Result "1-0"]
[WhiteElo "1873"]
[BlackElo "1645"]
[PlyCount "59"]
[EventDate "2008.07.03"]

1. d4 Nf6 2. Nf3 d5 3. c4 e6 4. Nc3 Nbd7 5. Bg5 Be7 6. e3 O-O 7. Rc1 b6 8. cxd5
exd5 9. Bd3 Bb7 10. O-O Rc8 11. Qe2 c5 12. Rfd1 Re8 13. Bb5 Bc6 14. dxc5 Bxb5
15. Nxb5 a6 16. c6 Nc5 17. Nbd4 a5 18. a3 Nfe4 19. Bf4 Bf6 20. c7 Qd7 21. Nb5
Ne6 22. Be5 N6g5 23. Nxg5 Bxe5 24. Nxe4 Bxh2+ 25. Kxh2 Rxe4 26. Rd4 Re5 27. a4
Qe6 28. Rh4 Qf6 29. Qg4 Rf5 30. Nd4 1-0